| 000 | 00619nam a2200241 a 4500 | ||
|---|---|---|---|
| 005 | 20210219153115.0 | ||
| 008 | 991125n 000 0 u | ||
| 035 | _aUPN01000078297 | ||
| 100 | _aBurris, Harold | ||
| 222 | 0 | _aPHYSICS TEACHER | |
| 245 | 0 | _aEveryone deserves a speeding ticket | |
| 300 | _a30-31 | ||
| 362 | _a31, No. 1, 1993 | ||
| 505 | _aSeptiembre 1993 | ||
| 653 | 0 | _aACTIVIDADES CIENTIFICAS | |
| 653 | 0 | _aCONCEPTOS ERRONEOS | |
| 653 | 0 | _aFISICA | |
| 653 | 0 | _aINSTRUCCION CIENTIFICA | |
| 653 | 0 | _aMETODOS DE ENSEĆANZA | |
| 653 | 0 | _aMOCION | |
| 904 |
_aAC _b016108 |
||
| 905 | _aArticulo | ||
| 999 |
_c68633 _d68633 |
||